| 000 | 00417nam a2200157Ia 4500 | ||
|---|---|---|---|
| 008 | 230917s9999||||xx |||||||||||||| ||und|| | ||
| 020 | _cRS35 | ||
| 040 |
_e22869 _aMAIN |
||
| 041 | _aEnglish | ||
| 082 | _a342.54 S36E | ||
| 100 | _aSeervai, H M | ||
| 245 | 0 | _aEmergency, future safeguards and the habeas corpus case: A criticism | |
| 260 |
_aBombay _bM M Tripathi _c1978 |
||
| 300 | _axiii p. ; 172 | ||
| 942 | _cBK | ||
| 999 |
_c185640 _d185640 |
||